| 000 | 00911nam a22003257a 4500 | ||
|---|---|---|---|
| 001 | 0002056 | ||
| 003 | KOHA_MİRAKIL | ||
| 005 | 20260207001301.0 | ||
| 007 | ta | ||
| 008 | 090212b2004 tu |||gr||||#0|||0|tur | | ||
| 020 | _a9758326080 | ||
| 040 |
_aTR-BiSEU _btur _cTR-BiSEU _erda |
||
| 041 | 0 | _atur | |
| 044 | _ctu | ||
| 050 |
_aKKX120 _b.K39 2004 |
||
| 100 | 1 | _aKayar, İsmail. | |
| 245 | 1 |
_aHukukun temel kavramları/ _cİsmail Kayar ; İlhan Üzülmez. |
|
| 264 | 1 |
_aAnkara : _bDetay Yayıncılık _c2004 |
|
| 300 | _aXX, 298 sayfa; 19 cm. | ||
| 336 |
_ametin _btxt _2rdacontent |
||
| 337 |
_aaracısız _bn _2rdamedia |
||
| 338 |
_acilt _bnc _2rdacarrier |
||
| 490 | 1 |
_aDetay Yayınları ; _v102. |
|
| 500 | _aKaynakça var. | ||
| 650 | 0 |
_aHukuk Türkiye. _96057 |
|
| 650 | 0 |
_aLaw Turkey. _96058 |
|
| 830 | 1 |
_aDetay Yayınları ; _v102. _91914 |
|
| 907 | _aOkuma Kitabı | ||
| 942 |
_2lcc _cBK |
||
| 999 |
_c2043 _d2043 |
||